| 000 | 01190nam a22002897a 4500 | ||
|---|---|---|---|
| 005 | 20250728135544.0 | ||
| 008 | 220413b ||||| |||| 00| 0 eng d | ||
| 020 | _a9789354539077 | ||
| 040 | _cAloy | ||
| 041 | _aeng | ||
| 082 |
_223 _a657.48 _bMAHA |
||
| 100 |
_aS N Maheshwari and others _9220486 |
||
| 245 | _aAdvanced financial accounting | ||
| 260 |
_aNoida _bVikas Publishing House Pvt Ltd _c2022 |
||
| 300 |
_ax,343p _bPB _c23x18cm |
||
| 365 |
_2Commerce _a119 _b180.00 _c₹ _d225.00 _e20% _f11-04-2022 |
||
| 520 | _aThe present textbook provides students with the knowledge of basic accounting principles and practices in a systematic manner. The unique feature of the book is the simplicity of subject matter presentation which will enable students to unerstand the subject exhaustively and solve practical problems with ease. | ||
| 650 |
_aFinancial Accounting _929895 |
||
| 650 |
_aInsurance _929896 |
||
| 650 |
_aHire Purchases _929897 |
||
| 650 |
_aDepartmental Accounts _929898 |
||
| 650 |
_aAccounting for Branches _929899 |
||
| 650 |
_aNEP II SEM BCom _938503 |
||
| 700 |
_aMaheshwari Suneel K _929901 |
||
| 700 |
_aMaheshwari, Sharad K _929902 |
||
| 942 |
_2ddc _cREF |
||
| 999 |
_c222432 _d222432 |
||